000 00215nam a22000857a 4500
008 170213b xxu||||| |||| 00| 0 eng d
100 _92869
_aCBSE
245 _aEnglish Formative Assesment
260 _aNew Delhi
_bCBSE
_c2010
999 _c6088
_d6088